00563 2200205 4500001002100000005001500021035002000036007000300056008004100059020001800100082001000118084001600128100001500144245008100159260003900240300003800279650002100317990000900338990001000347INLIS00000000000652520210225010323 a0010-0221000289ta210225 g 0 ind  a9786028620253 a153.8 a153.8 MAL s0 aMalahayati1 aSuper teens :bjadi remaja luar biasa dengan kebiasaan efektif /cMalahayati aYogyakarta :bJogja Bangkit,c2010 a180 hlm :bilus. ;c23 cm x 15 cm 4aPsikologi remaja a3436 a3436a